Science Quiz

Random Science or Animal Quiz

8-Letter Animals by Image Quiz Stats

 Plays Quiz Updated Mar 18, 2020

Support Sporcle.
Go Orange.
Score 0/20 Timer 05:00
0 Plays Today
Answer % Correct
Elephant
99.2%
Kangaroo
98.7%
Flamingo
97.1%
Squirrel
93.7%
Anteater
90%
Platypus
88.9%
Hedgehog
84.8%
Chipmunk
84.6%
Tortoise
80.4%
Cardinal
75%
Answer % Correct
Aardvark
61.9%
Pheasant
60.3%
Anaconda
51.5%
Bullfrog
49.3%
Capybara
45.2%
Mandrill
38.8%
Capuchin
26.4%
Pangolin
22.8%
Marmoset
16.4%
Lungfish
7.3%

From the Vault

LCS and World Series MVP in Same Year

by nyynkeh8r

Sports 3m
We certainly hope that a certain San Francisco Giant gets a bonus for all these MVP awards.
Remove Ads.
Support Sporcle.
Get the best of Sporcle when you Go Orange. This ad-free experience offers more features, more stats, and more fun while also helping to support Sporcle. Thank you for becoming a member.

Show Comments

Extras

Top Quizzes Today


Score Distribution

Your Account Isn't Verified!

In order to create a playlist on Sporcle, you need to verify the email address you used during registration. Go to your Sporcle Settings to finish the process.

Report this User

Report this user for behavior that violates our Community Guidelines.

Details: